Statistics for Car Manufacturuers D-G

Click here to take the quiz!

General Stats

  • This quiz has been taken 17 times
  • The average score is 8 of 92

Answer Stats

Letter:Make:% Correct
FFord
93%
DDodge
86%
FFiat
64%
FFerrari
64%
GGMC
43%
DDatsun
36%
DDaimler
29%
DDeLorean
29%
GGeely
29%
DDaihatsu
29%
EEagle
29%
EEdsel
21%
FFisker
21%
FFrazer
14%
GGeo
14%
EEnzmann
7%
EElva
7%
DDesoto
7%
FFAS
7%
DDavis
7%
FForemost
7%
EElfin
7%
GGurgel
7%
GGalt
7%
GGray-Dort
7%
GGonow
7%
GGumpert
7%
GGlas
7%
GGinetta
7%
EEmgrand
7%
EExcalibur
7%
DDR Motor
7%
DDIM
7%
DDonkervoort
7%
DDerby
7%
DDupont
7%
DDome
7%
DDynasty
7%
DDAF
7%
DDerways
7%
DDINA
0%
DDefTech
0%
DDever
0%
GGillet
0%
GGroospal
0%
FFerroni
0%
FFeresa
0%
GGreat Wall Motors
0%
EEniak
0%
DDakar
0%
GGoliath
0%
FFoton Motor
0%
GGTA
0%
GGuleryuz Karoseri
0%
GGKD
0%
GGordon Keeble
0%
GGrinnall
0%
GGEM
0%
DDetroit Electric
0%
DDuesenburg
0%
GGraham-Paige
0%
GGhandhara Nissan
0%
DDC
0%
FForce
0%
EEtalon
0%
DDinarg
0%
EExagon
0%
EElvo
0%
EEicher
0%
EEscorts
0%
EEsther
0%
DDe Carlo
0%
DDenzel
0%
EE-Z-GO
0%
EEssex
0%
EElectronMash
0%
EEurocar
0%
DDucati
0%
FFirestone-Columbus
0%
DDOK-ING
0%
FFalcon
0%
DDKM
0%
FFrieghtliner
0%
DDRDO
0%
FFAP
0%
FFord-Vairogs
0%
FFuiji
0%
FF.I.V Edoardo Bianchi
0%
EEl Detalle Vehiculos
0%
GGM Uzbekistan
0%

Score Distribution

Percentile by Number Answered

Percent of People with Each Score

Your Score History

You have not taken this quiz